000 00837cam a22002771 4500
001 28207
003 BD-RjUL
005 20211209051242.0
008 750313t19601959nyu b 000 0 eng
035 _a(BD-RjUL)28288
035 _a(OCoLC)1215248
040 _aDLC
_cFO
_dOCoLC
_dBD-RjUL
_beng
041 _aeng
082 0 0 _a973.917
_bWOR 1962
100 1 _aWoods, John A.
_986381
245 0 0 _aRoosevelt and modern America /
260 _aNew York,
_bMacmillan
_c c1959 [Printed 1962]
300 _a192 p. :
_c18 cm.
490 0 _aTeach yourself history library
504 _aIncludes bibilography.
600 1 0 _aRoosevelt, Franklin D.
_q(Franklin Delano),
_d1882-1945.
_986048
651 0 _aUnited States
_xPolitics and government
_y1933-1945.
_98815
942 _2ddc
_cBK
999 _c28207
_d28207